00453cam a2200181 a 450000100070000000500170000700800410002401000170006502000280008204000180011004100080012808000170013608200210015310000070017410100080018124500520018950400300024149695220180124035155.0850227s1985 maua b 001 0 eng  a 85005478  a0674195256 (alk. paper) aDLCcDLCdDLC aeng a658.403 KARN00a658.403 KARN2191 a53 aMEN10aDecision making under uncertainty :cEdi Karni. aBibliography: p. 141-143.